Elementary heat transfer analysis /

Guardado en:
Autor Principal: Whitaker, Stephen.
Formato: Libro
Idioma:English
Publicado: New York : Pergamon Press, c1976.
Series:Pergamon unified engineering series ; 20
Pergamon international library of science, technology, engineering, and social studies
Materias:
Etiquetas: Agregar Etiqueta
Sin Etiquetas, Sea el primero en etiquetar este registro!
LEADER 00921cam a22002535a 4500
001 EIQ.libpla000537
008 741223s1976####nyua#####b####001#0#eng#d
005 20080528185555.0
245 1 0 |a Elementary heat transfer analysis /  |c Stephen Whitaker. 
260 |a New York :  |b Pergamon Press,  |c c1976. 
300 |a xvii, 369 p. :  |b il. ;  |c 28 cm. 
440 0 |a Pergamon unified engineering series ;  |v 20 
440 0 |a Pergamon international library of science, technology, engineering, and social studies 
504 |a Incluye bibliografía e índice. 
020 |a 0080189598 (pbk.) 
100 1 |a Whitaker, Stephen. 
082 0 0 |a 536/.2 
650 4 |a Calor  |x Transferencia. 
650 4 |a Transferencia de calor  |x Aspectos fundamentales. 
650 0 |a Heat  |x Transfer. 
650 4 |a Heat transfer  |x Fundamental aspects. 
010 |a  74032461  
040 |a DLC  |c DLC  |d DLC  |d AR-BbSID 
859 |a AR-BbSID  |b BIB. PLAPIQUI  |h 536.2  |i W 58  |p 327